Score 0/20 Timer 05:00
0 Plays Today
% Correct
Nobel laureates in Physics
94.8%
Actors who starred in The Office (UK)
84.4%
Tony Award winners for Best Actress in a Play
81.8%
Song writers of the Song of the Year Grammy winners
80.5%
Sports Illustrated swimsuit issue cover models
74%
Women's heptathlon Olympic champions
74%
Country Music Association's 'Entertainer of the Year' winners
74%
American cartoonists
72.7%
Best Director Golden Globe winners
68.8%
Swedish prime ministers
68.8%
% Correct
Metallica members
67.5%
Time magazine's 'Person of the Year'
67.5%
Super Bowl winning quarterbacks
66.2%
Actors who lost fights to 'Rocky'
63.6%
Cartographers with map projections named for them
61%
16th century world circumnavigators
59.7%
People represented on U.S. state quarters
57.1%
'American Idol' winners
57.1%
Members of rap group N.W.A
36.4%
Leigh Matthews Trophy winners (Aussie Rules MVP)
36.4%
Remove Ads.
Support Sporcle.
Get the best of Sporcle when you Go Orange. This ad-free experience offers more features, more stats, and more fun while also helping to support Sporcle. Thank you for becoming a member.

You're not logged in!

Compare scores with friends on all Sporcle quizzes.
OR
Log In

Show Comments

Extras

Created May 30, 2015ReportNominate
Tags:group, Grouped

Top Quizzes Today


Score Distribution

Your Account Isn't Verified!

In order to create a playlist on Sporcle, you need to verify the email address you used during registration. Go to your Sporcle Settings to finish the process.

Report this User

Report this user for behavior that violates our Community Guidelines.

Details: